书目信息 |
| 题名: |
简单老外
|
|
| 作者: | 丹尼斯 , 景黎明 主编 | |
| 分册: | ||
| 出版信息: | 北京 航空工业出版社 2005.09 |
|
| 页数: | 225页 | |
| 开本: | 23cm | |
| 丛书名: | ||
| 单 册: | ||
| 中图分类: | H319.9 | |
| 科图分类: | ||
| 主题词: | 英语--ying yu--口语 | |
| 电子资源: | ||
| ISBN: | 7-80183-639-1 | |
| 000 | 00922nam0 2200241 450 | |
| 001 | 010231406861 | |
| 005 | 20051115092446.77 | |
| 010 | @a7-80183-639-1@dCNY22.00 | |
| 100 | @a20050926d2005 km y0chiy0120 ea | |
| 101 | 0 | @achi@aeng |
| 102 | @aCN@b110000 | |
| 105 | @ay z 000yy | |
| 200 | 1 | @a简单老外@Ajian dan lao wai@e英语急用现学10天口语@f丹尼斯,景黎明主编@Fdan ni si,jing li ming zhu bian |
| 210 | @a北京@c航空工业出版社@d2005.09 | |
| 215 | @a225页@c图@d23cm | |
| 330 | @a本书内容包括外国人生活中主要的、最常用的、最地道的口语,看似简单,实际上非常好用、好学、好记。本书适合初级、中级(包括中小学生、大中专学生)及想学习口语者使用。 | |
| 517 | 1 | @a英语急用现学10天口语@Aying yu ji yong xian xue 10 tian kou yu |
| 606 | 0 | @a英语@Aying yu@x口语 |
| 690 | @aH319.9@v4 | |
| 701 | 0 | @a丹尼斯@Adan ni si@4主编 |
| 701 | 0 | @a景黎明@Ajing li ming@4主编 |
| 801 | 0 | @aCN@bQSSK@c20051115 |
| 905 | @a10447@dH319.9@eD155 | |
| 简单老外:英语急用现学10天口语/丹尼斯,景黎明主编.-北京:航空工业出版社,2005.09 |
| 225页:图;23cm |
| ISBN 7-80183-639-1:CNY22.00 |
| 本书内容包括外国人生活中主要的、最常用的、最地道的口语,看似简单,实际上非常好用、好学、好记。本书适合初级、中级(包括中小学生、大中专学生)及想学习口语者使用。 |
| ● |
| 相关链接 |
|
|
|
正题名:简单老外
索取号:H319.9/D155
 
预约/预借
| 序号 | 登录号 | 条形码 | 馆藏地/架位号 | 状态 | 备注 |
| 1 | 575458 | 205754584 | 语言库209/209语言库 28排2列6层/ [索取号:H319.9/D155] | 在馆 | |
| 2 | 575459 | 205754593 | 语言库209/209语言库 49排7列2层/ [索取号:H319.9/D155] |
已借出,限还日期为2018.11.09 借出人:杨旭 |
|
| 3 | 575460 | 205754600 | 语言库209/209语言库 28排2列6层/ [索取号:H319.9/D155] | 在馆 |